000 01003cam a2200289 a 4500
001 14905500
005 20180215031230.0
008 070627s2008 caua 001 0 eng
010 _a 2007026996
015 _aGBA958431
_2bnb
016 7 _a014651527
_2Uk
020 _a9780805327366 (forsale copy)
020 _a0805327363 (forsale copy)
020 _a9780321517227 (professional copy)
020 _a0321517229 (professional copy)
035 _a(OCoLC)ocn148732206
040 _aDLC
_cDLC
_dYDX
_dBTCTA
_dBAKER
_dYDXCP
_dNTE
_dGA0
_dOCLCQ
_dUKM
_dDLC
041 _aeng
080 _a530
082 0 0 _a530 KNI
_222
100 1 _a43
101 _aFIZ
245 1 0 _aPhysics for scientists and engineers :
_cRandall D. Knight.
906 _a7
_bcbc
_corignew
_d1
_eecip
_f20
_gy-gencatlg
942 _2ddc
_cBK
999 _c42545
_d42545